[Event "VII Ugra Governor's Cup"]
[Site "Khanty-Mansiysk RUS"]
[Date "2011.09.04"]
[Round "5"]
[White "Chernyuk,Mikhail"]
[Black "Limar,Dmitry"]
[Result "1-0"]
[WhiteElo "2263"]
[BlackElo "1982"]

1.e4 d6 2.d4 g6 3.Nc3 Bg7 4.Be3 a6 5.f3 b5 6.Qd2 Bb7 7.Nge2 Nd7 8.d5 Ngf6
9.Nd4 Nb6 10.a4 b4 11.Nd1 a5 12.Bb5+ Nfd7 13.Bh6 O-O 14.Bxg7 Kxg7 15.Ne3 Nf6
16.h4 Bc8 17.Nc6 Qe8 18.Nxa5 Bd7 19.Qxb4 e6 20.Bxd7 Qxd7 21.c4 Rfe8 22.O-O Nh5
23.Nc6 e5 24.g4 Nf4 25.Ng2 Nxg2 26.Kxg2 f5 27.a5 fxg4 28.f4 g3 29.f5 gxf5
30.Rxf5 Kh8 31.axb6 Rxa1 32.b7 Rc1 33.b8=Q Rc2+ 34.Kxg3  1-0

[Event "TCh-SRB Premier Women"]
[Site "Valjevo SRB"]
[Date "2011.09.04"]
[Round "9.1"]
[White "Belic,J"]
[Black "Dejanovic,Ivana"]
[Result "1-0"]
[WhiteElo "2278"]
[BlackElo "1446"]

1.e4 g6 2.d4 Bg7 3.Nc3 d6 4.Be2 Nf6 5.h4 h5 6.Bg5 Nbd7 7.Qd2 c6 8.O-O-O Qc7
9.f3 b6 10.Nh3 a5 11.Rhe1 Bb7 12.Bf1 e6 13.e5 dxe5 14.dxe5 Nd5 15.f4 Bf8
16.Ne4 Be7 17.Bxe7 Kxe7 18.Nhg5 Rhf8 19.c4 Nb4 20.a3 Na6 21.Nd6 Rad8 22.Nh7 Rh8
23.Nxb7 Qxb7 24.Qd6+ Ke8 25.Nf6+  1-0

[Event "FIDE World Cup 2011"]
[Site "Khanty-Mansiysk RUS"]
[Date "2011.09.05"]
[Round "3.4"]
[White "Ponomariov,R"]
[Black "Efimenko,Z"]
[Result "1/2-1/2"]
[WhiteElo "2764"]
[BlackElo "2706"]

1.d4 g6 2.e4 Bg7 3.Nc3 d6 4.Be3 Nd7 5.Nf3 c6 6.Qd2 b5 7.Bd3 Ngf6 8.h3 O-O
9.O-O e5 10.dxe5 dxe5 11.Ne2 Nh5 12.a4 bxa4 13.Rxa4 Nb6 14.Ra5 f5 15.Nxe5 fxe4
16.Bxe4 Qc7 17.Bxb6 Qxb6 18.Bxc6 Ba6 19.Rxa6 Qxa6 20.Bxa8 Kh8 21.Qd5 Nf6
22.Nf7+ Kg8 23.Nh6+ Kh8 24.Nf7+ Kg8  1/2-1/2

[Event "Paignton Ron Bruce Premier"]
[Site "Paignton ENG"]
[Date "2011.09.05"]
[Round "2"]
[White "Wynarczyk,R"]
[Black "Webb,M"]
[Result "1/2-1/2"]
[WhiteElo "1923"]
[BlackElo "2079"]

1.e4 g6 2.d4 Bg7 3.Nc3 d6 4.f4 a6 5.Nf3 b5 6.a3 Nd7 7.e5 c5 8.exd6 cxd4 9.Nxd4 Qb6
10.Be3 Qxd6 11.Qf3 Rb8 12.Rd1 Bb7 13.Qf2 Qc7 14.Be2 Ngf6 15.O-O O-O 16.Bf3 Bxf3
17.Qxf3 e5 18.Qc6 Rbc8 19.Qxc7 Rxc7 20.fxe5 Nxe5 21.Bf4 Nh5 22.Rc1 Rd7 23.Nb3  1/2-1/2

[Event "Yuzhny Open"]
[Site "Yuzhny UKR"]
[Date "2011.09.05"]
[Round "4.22"]
[White "Kozhukina,Olena"]
[Black "Borzov,D"]
[Result "0-1"]
[WhiteElo "1988"]
[BlackElo "2146"]

1.e4 d6 2.d4 g6 3.Nc3 Bg7 4.Be3 Nf6 5.f3 c6 6.Qd2 b5 7.g4 Qc7 8.h4 h5 9.g5 Nfd7
10.Nh3 Nb6 11.O-O-O b4 12.Nb1 a5 13.f4 d5 14.f5 gxf5 15.e5 Ba6 16.Nf4 e6
17.Qg2 Bxf1 18.Rdxf1 Nc4 19.Bf2 Na6 20.Qf3 c5 21.Nxh5 Rxh5 22.Qxh5 cxd4 23.Qe2 Bxe5
24.b3 Bf4+ 25.Kd1 Nb2+ 26.Ke1 d3 27.Bb6 dxe2 28.Bxc7 exf1=Q+ 29.Kxf1 Nxc7
30.Ke2 Ke7 31.Nd2 Bxd2 32.Kxd2 a4 33.Kc1 a3 34.h5 Nb5 35.Rh4 d4 36.Kd2 e5
37.Rh1 Nc3 38.Rf1 Ke6 39.Rg1 Rg8 40.h6 f4 41.Kc1 Ne2+  0-1

[Event "TCh-POL 1st League"]
[Site "Mrzezyno POL"]
[Date "2011.09.06"]
[Round "4"]
[White "Walach,M"]
[Black "Nguyen,P"]
[Result "0-1"]
[WhiteElo "2369"]
[BlackElo "2368"]

1.e4 g6 2.d4 Bg7 3.Nc3 d6 4.f4 a6 5.Nf3 b5 6.Bd3 Nd7 7.e5 Nh6 8.O-O O-O 9.a4 b4
10.Ne4 c5 11.exd6 cxd4 12.Qe1 a5 13.Nfg5 e6 14.Qh4 Bb7 15.g4 f5 16.Nf2 Nc5
17.Bc4 Kh8 18.gxf5 exf5 19.b3 Qxd6 20.Bb2 Qc6 21.Qh3 Ne4 22.Ne6 Rfe8 23.Nxe4 Rxe6
24.Bxe6 Qxe4 25.Rae1 Qxc2 26.Ba1 Qc6 27.Kf2 Ng4+ 28.Kg3 Bf6 29.Bc4 Ne3 30.Rxe3 dxe3
31.Bd5 Qxd5 32.Bxf6+ Kg8 33.Kh4 Re8 34.Re1 Kf7 35.Ba1 Qd2 36.Qg3 e2 37.Qf2 Re3
38.h3 Qd8+  0-1

[Event "Paignton Ron Bruce Premier"]
[Site "Paignton ENG"]
[Date "2011.09.06"]
[Round "3"]
[White "French,A"]
[Black "Rosen,D"]
[Result "1/2-1/2"]
[WhiteElo "2078"]
[BlackElo "2139"]

1.e4 d6 2.d4 g6 3.Nc3 Bg7 4.Be3 Nd7 5.Qd2 c6 6.Nf3 b5 7.h3 Bb7 8.Bd3 a6 9.O-O c5
10.a3 Ngf6 11.d5 O-O 12.Bh6 c4 13.Be2 Nc5 14.Bxg7 Kxg7 15.Qe3 e5 16.dxe6 Nxe6
17.Rad1 Qc7 18.Nd5 Bxd5 19.exd5 Nc5 20.Nh4 h6 21.Bf3 Rae8 22.Qd4 Re5 23.g3 Rfe8
24.Ng2 Rf5 25.Nh4 Rfe5 26.Ng2 Qd7 27.g4 Qd8 28.Ne3 Nh7 29.Bg2 Qf6 30.Rde1 Kg8
31.Kh2 Qe7 32.Qf4 Qg5 33.Qxg5 hxg5 34.Rd1 Nf6 35.Bf3 Kg7 36.Kg2 Na4 37.Rb1 Nb6
38.Rfd1 Rc8 39.Rd4 Rc5 40.Rbd1 Na4 41.Rb1 Nb6 42.Rbd1 Na4 43.Rb1 Nb6  1/2-1/2

[Event "VII Ugra Governor's Cup"]
[Site "Khanty-Mansiysk RUS"]
[Date "2011.09.07"]
[Round "8"]
[White "Teterin,A"]
[Black "Savitskaya,N"]
[Result "1-0"]
[WhiteElo "2133"]
[BlackElo "1936"]

1.d4 g6 2.e4 Bg7 3.Nc3 d6 4.Bg5 Nf6 5.Qd2 O-O 6.O-O-O a6 7.h4 b5 8.f3 Nbd7
9.Bh6 c5 10.dxc5 Nxc5 11.Bxg7 Kxg7 12.e5 Nh5 13.Nge2 f5 14.g4 fxg4 15.fxg4 Bxg4
16.Qd4 Bxe2 17.exd6+ Rf6 18.Bxe2 Ng3 19.Qxc5 exd6 20.Qd4 Nxh1 21.Bf3 Rc8
22.Bxh1 Rc4 23.Qa7+ Rf7 24.Qxa6 Rxh4 25.Qxb5 Rh5 26.Qd3 Qb6 27.Bd5 Rf2 28.Bb3 Rhf5
29.Qc4 Rf7 30.Qc8 Rf8 31.Qd7+ Kh8 32.Nd5 Qd8 33.Qa7 Qg5+ 34.Kb1 h5 35.a4 h4
36.Qd4+ Kh7 37.Nc7 Qe7 38.Ne6 R8f5 39.Qg4 Kh6 40.Ka2 g5 41.Re1 Qf6 42.Rd1 Qe7
43.Rd3 Kg6 44.Rc3 Rf7 45.Rc8 Qa7 46.Qxg5+  1-0

[Event "37th ch-LIB"]
[Site "Beirut LIB"]
[Date "2011.09.08"]
[Round "4"]
[White "Kassis,A LIB"]
[Black "Najjar,A"]
[Result "1/2-1/2"]
[WhiteElo "2230"]
[BlackElo "2267"]

1.e4 g6 2.d4 Bg7 3.Nc3 d6 4.f4 Nf6 5.Nf3 O-O 6.Bd3 c5 7.d5 e6 8.dxe6 fxe6
9.O-O d5 10.e5 Ne8 11.Kh1 a6 12.Ng5 Bh6 13.Nh3 Nc6 14.Qg4 Ng7 15.Bd2 Nxe5
16.fxe5 Bxd2 17.Rxf8+ Qxf8 18.Rf1 Nf5 19.Bxf5 exf5 20.Qf3 Bxc3 21.Qxd5+ Qf7
22.Qd8+ Qf8 23.Qd5+ Qf7 24.Qd8+ Qf8 25.Qd5+  1/2-1/2

[Event "TCh-POL 1st League"]
[Site "Mrzezyno POL"]
[Date "2011.09.08"]
[Round "6"]
[White "Jaracz,B"]
[Black "Leszner,L"]
[Result "1-0"]
[WhiteElo "2272"]
[BlackElo "2087"]

1.e4 g6 2.d4 Bg7 3.Nc3 d6 4.Be3 c6 5.Qd2 Nd7 6.Nf3 b5 7.Bd3 Nb6 8.h3 Qc7
9.O-O Nf6 10.a4 Nc4 11.Bxc4 bxc4 12.Qe2 a5 13.Rfd1 Ba6 14.e5 Nd5 15.exd6 Qxd6
16.Ne4 Qc7 17.Nc5 Bc8 18.Bd2 Rb8 19.Rab1 Bf5 20.Na6 Qb7 21.Nxb8 Bxc2 22.Qxc4 Bxd1
23.Rxd1 O-O 24.Nxc6 e6 25.Nxa5 Qxb2 26.Qb3 Rb8 27.Qxb2 Rxb2 28.Nc4 Ra2 29.a5 Ra4
30.Nb6  1-0

[Event "5th ch-Euro IBCA"]
[Site "Rhodes GRE"]
[Date "2011.09.08"]
[Round "3.3"]
[White "Dukaczewski,P"]
[Black "Mackowiak,M"]
[Result "0-1"]
[WhiteElo "2310"]
[BlackElo "2206"]

1.e4 g6 2.d4 Bg7 3.Nc3 d6 4.Be3 Nf6 5.Qd2 c6 6.f3 Qa5 7.Nge2 Nbd7 8.g4 h6
9.Nc1 b5 10.Nb3 Qc7 11.Bd3 a5 12.a4 b4 13.Ne2 Nb6 14.c4 Nbd7 15.O-O c5 16.dxc5 Nxc5
17.Nxc5 dxc5 18.Nf4 Bb7 19.Rac1 e6 20.Qf2 g5 21.Ne2 h5 22.gxh5 Nxh5 23.b3 Be5
24.Bxc5 Nf4 25.Nxf4 Bxf4 26.Bb6 Qd6 27.Qb2 Rxh2 28.Rc2 Rxc2 29.Qxc2 Qxb6+
30.Kg2 O-O-O  0-1

[Event "Yuzhny Open"]
[Site "Yuzhny UKR"]
[Date "2011.09.08"]
[Round "9.9"]
[White "Bondarchuk,Sergei"]
[Black "Arkhipov,Vl1"]
[Result "1-0"]
[WhiteElo "2309"]
[BlackElo "2146"]

1.e4 g6 2.d4 Bg7 3.Nc3 d6 4.Be2 Nf6 5.Nf3 O-O 6.O-O b6 7.e5 dxe5 8.Nxe5 Bb7
9.Bf3 Qc8 10.Qe2 e6 11.Rd1 Nd5 12.Ne4 Nc6 13.Nxc6 Bxc6 14.c4 Ne7 15.Bg5 f6
16.Bd2 Qd7 17.Bc3 Rad8 18.Rd3 Nf5 19.Bg4 Rfe8 20.Re1 Kf7 21.Rdd1 h5 22.Bh3 Bb7
23.g3 a5 24.b3 Qc8 25.Qb2 h4 26.d5 e5 27.Bg2 hxg3 28.hxg3 Nd6 29.Qc2 Rh8
30.c5 Nxe4 31.Qxe4 Qf5 32.Qc4 Ke8 33.Qb5+ Kf7 34.cxb6 cxb6 35.Qxb6 Rd7 36.Qe6+ Kf8
37.Bxa5 Qxe6 38.dxe6 Rxd1 39.Rxd1 Bxg2 40.Bb4+ Ke8 41.Kxg2 f5 42.Rd7 Bf6
43.Ra7 Kd8 44.Bd6 Kc8 45.Ra8+ Kb7  1-0

[Event "FSIM September"]
[Site "Budapest HUN"]
[Date "2011.09.10"]
[Round "8"]
[White "Galyas,M"]
[Black "Horvath,Dav"]
[Result "1/2-1/2"]
[WhiteElo "2458"]
[BlackElo "2349"]

1.d4 g6 2.e4 Bg7 3.Nc3 d6 4.Nf3 Nf6 5.Be3 c6 6.Qd2 Qa5 7.Bd3 Nbd7 8.O-O O-O
9.Nd5 Qd8 10.Nxf6+ Nxf6 11.h3 e5 12.dxe5 dxe5 13.Rad1 Qc7 14.c3 Be6 15.Qc2 h6
16.Nd2 Rfd8 17.Be2 Rd7  1/2-1/2

[Event "TCh-POL 1st League"]
[Site "Mrzezyno POL"]
[Date "2011.09.10"]
[Round "8"]
[White "Wisniowska,K"]
[Black "Przezdziecka,E"]
[Result "0-1"]
[WhiteElo "2074"]
[BlackElo "2155"]

1.e4 g6 2.d4 Bg7 3.Nc3 d6 4.Be3 a6 5.a4 b6 6.Qd2 Nd7 7.f3 Bb7 8.h4 h5 9.Nh3 e6
10.Nf2 Ne7 11.g4 c5 12.gxh5 Rxh5 13.Ne2 Bf6 14.Bg5 Nc6 15.dxc5 Nde5 16.Bg2 dxc5
17.Qf4 Bxg5 18.hxg5 Qxg5 19.Rxh5 Qxf4 20.Nxf4 gxh5 21.c3 h4 22.Ke2 Ke7 23.N4h3 f5
24.f4 Nc4 25.b3 N4a5 26.b4 cxb4 27.cxb4 Nb3 28.Rb1 Nbd4+ 29.Kf1 Nc2 30.exf5 Ne3+
31.Kg1 Nxg2 32.Kxg2 exf5 33.Kh2 Nd4 34.Ng5 Rc8 35.Re1+ Kf6 36.Kh3 Rc4 37.Nh7+ Kf7
38.Ng5+ Kf6 39.Nh7+ Kg6 40.Re7 Bc6 41.Ng5 Rc2 42.Nd3 Rc3 43.Re3 Kh5 44.Nh7 Nc2
45.Nf6+ Kh6 46.Re6 Rxd3+ 47.Kxh4 Nd4 48.Ng8+ Kg7  0-1

[Event "TCh-POL 1st League"]
[Site "Mrzezyno POL"]
[Date "2011.09.10"]
[Round "8"]
[White "Warakomska,A"]
[Black "Leszner,L"]
[Result "1/2-1/2"]
[WhiteElo "2172"]
[BlackElo "2087"]

1.e4 d6 2.d4 g6 3.Nc3 Bg7 4.Be3 Nd7 5.Qd2 a6 6.a4 b6 7.Nf3 Bb7 8.Bd3 Ngf6
9.h3 O-O 10.O-O e5 11.Bh6 Nh5 12.Bxg7 Kxg7 13.Rfe1 Nf4 14.Bf1 Qf6 15.Qe3 exd4
16.Qxd4 Ne5 17.Nxe5 dxe5 18.Qe3 Rad8 19.Rad1 Qc6 20.Rd2 Ne6 21.Rd5 f6 22.Red1 Nd4
23.Rxd8 Rxd8 24.Rd2 Qc5 25.Kh1 Qb4 26.b3 Rd6 27.Nd5 Bxd5 28.exd5 Nf5 29.Qe2 c6
30.Rd1 Rxd5 31.Rxd5 cxd5 32.Qxa6 Nd4 33.Qd3 e4 34.Qd1 Qc3 35.Kg1 f5 36.Ba6 f4
37.Bb7 e3 38.Ba6 Qd2 39.Qa1 Qxf2+ 40.Kh1 Qd2 41.Bd3 Qb4 42.c4 Kh6 43.Qxd4 Qe1+
44.Kh2 Qg3+ 45.Kh1 Qe1+  1/2-1/2

[Event "8th LGA Premium Cup"]
[Site "Nuernberg GER"]
[Date "2011.09.10"]
[Round "5.37"]
[White "Kersten,U"]
[Black "Redzepovic,I"]
[Result "1-0"]
[WhiteElo "2315"]
[BlackElo "2118"]

1.e4 g6 2.d4 Bg7 3.Nc3 d6 4.Be3 a6 5.a4 Nd7 6.g3 e5 7.Bg2 Ne7 8.Nge2 O-O
9.O-O Nc6 10.h3 exd4 11.Nxd4 Nde5 12.Nde2 Be6 13.b3 f5 14.f4 Nd7 15.exf5 Bxf5
16.Bd5+ Kh8 17.g4 Re8 18.Bf2 Be6 19.Bg2 Bg8 20.Qd2 Nf6 21.Rad1 Qd7 22.Ng3 Rab8
23.g5 Nh5 24.Nxh5 gxh5 25.Ne4 Be6 26.Nc5 dxc5 27.Qxd7 Bxd7 28.Rxd7 Nd4 29.f5 Be5
30.f6 h4 31.Be4 Bxf6 32.gxf6 Rxe4 33.f7 Nf3+ 34.Kg2 Ne5 35.Re7 Re2 36.Re8+  1-0

[Event "Paignton Ron Bruce Premier"]
[Site "Paignton ENG"]
[Date "2011.09.10"]
[Round "7"]
[White "Spanton,T"]
[Black "Webb,M"]
[Result "0-1"]
[WhiteElo "1980"]
[BlackElo "2079"]

1.Nc3 g6 2.e4 Bg7 3.d4 d6 4.Be3 a6 5.Be2 b5 6.Bf3 Bb7 7.Nh3 Nd7 8.Qe2 Ngf6
9.a3 Nb6 10.e5 Nfd5 11.Nxd5 Bxd5 12.exd6 cxd6 13.Bxd5 Nxd5 14.O-O O-O 15.Nf4 Nxf4
16.Bxf4 Bxd4 17.Bh6 Re8 18.c3 Bg7 19.Bxg7 Kxg7 20.Rad1 Qb6 21.Kh1 Rac8 22.f4 Rc4
23.f5 Qc6 24.fxg6 hxg6 25.Rxf7+ Kxf7 26.Rf1+ Kg7 27.Qe6 d5 28.Qf7+ Kh8 29.g3 d4+
30.Kg1 dxc3 31.bxc3 Rxc3 32.Rf4 Rc1+ 33.Kf2 Rc2+ 34.Ke1 Qh1+  0-1

[Event "e2e4 High Wycombe Open"]
[Site "Uplands Park ENG"]
[Date "2011.09.10"]
[Round "4"]
[White "Bennett,Dominic L"]
[Black "Friedland,J"]
[Result "1/2-1/2"]
[WhiteElo "2083"]
[BlackElo "2163"]

1.d4 d6 2.e4 g6 3.Nc3 Bg7 4.Be3 Nc6 5.Qd2 e5 6.d5 Nce7 7.O-O-O f5 8.f4 Nf6
9.fxe5 dxe5 10.Nf3 O-O 11.Bc4 Kh8 12.Bc5 h6 13.Nxe5 Kh7 14.exf5 Bxf5 15.Rhe1 Re8
16.Nf3 Neg8 17.Bd3 Rxe1 18.Qxe1 Bxd3 19.Rxd3 Qd7 20.Rd1 Re8 21.Qf1 Ne4 22.Nxe4 Rxe4
23.Qd3 Qe8 24.d6 cxd6 25.Qxd6 Re2 26.Rd2 Rxd2 27.Qxd2 Qb5 28.Bd4  1/2-1/2

[Event "37th ch-LIB"]
[Site "Beirut LIB"]
[Date "2011.09.11"]
[Round "6"]
[White "Adeimi,M"]
[Black "Najjar,A"]
[Result "0-1"]
[WhiteElo "1895"]
[BlackElo "2267"]

1.e4 g6 2.d4 Bg7 3.Nc3 d6 4.f4 Nf6 5.e5 dxe5 6.fxe5 Nd5 7.Bc4 Be6 8.Qf3 c6
9.Nge2 O-O 10.Bxd5 Bxd5 11.Nxd5 Qxd5 12.Qxd5 cxd5 13.Nf4 e6 14.Nd3 Nc6 15.c3 b5
16.a4 a6 17.axb5 axb5 18.Rxa8 Rxa8 19.Kd2 b4 20.Kc2 bxc3 21.bxc3 Bf8 22.Nb2 Ra1
23.Rd1 Na5 24.Bd2 Ra2 25.Kb1 Ra3 26.Kc2 Be7 27.Rb1 Ra2 28.Kd3 Kg7 29.g4 h6
30.h3 Ba3 31.Nd1 Nc4 32.Be1 Rh2 33.Nf2 Be7 34.Nd1 Bh4 35.Ne3 Rxh3 36.Bxh4 Rxe3+
37.Kc2 g5 38.Be1 Re4 39.Kd3 Rxg4 40.Ke2 h5 41.Kf3 Rf4+ 42.Kg3 Kg6 43.Bf2 Nd2
44.Rb2 Ne4+ 45.Kg2 Rxf2+ 46.Rxf2 Nxf2 47.Kxf2 Kf5 48.Kf3 h4 49.Ke3 g4 50.Ke2 Ke4  0-1

[Event "ch-Nordic Senior"]
[Site "Reykjavik ISL"]
[Date "2011.09.11"]
[Round "2.13"]
[White "Ofstad,P"]
[Black "Wicklund Hansen,R"]
[Result "1-0"]
[WhiteElo "2182"]
[BlackElo "1881"]

1.e4 g6 2.d4 Bg7 3.Nc3 d6 4.Be3 a6 5.a4 Nf6 6.f3 Nc6 7.Bc4 e6 8.Qd2 d5 9.Be2 e5
10.dxe5 Nxe5 11.O-O-O O-O 12.exd5 Re8 13.h3 Qe7 14.Bg5 Bd7 15.f4 h6 16.fxe5 hxg5
17.exf6 Bxf6 18.Bf3 g4 19.d6 Qe5 20.Kb1 gxf3 21.Nxf3 Qc5 22.Nd5 Bd8 23.dxc7 Be7
24.Qd4 Qxd4 25.Rxd4 Be6 26.Nb6 Ra7 27.Rhd1 Kf8 28.a5 Bc5 29.Rd8 Bxb6 30.Rxe8+ Kxe8
31.axb6  1-0

[Event "2nd Zlatni Rat Open"]
[Site "Bol CRO"]
[Date "2011.09.12"]
[Round "4.14"]
[White "Ruzicka,M"]
[Black "Scharrer,P"]
[Result "0-1"]
[WhiteElo "2067"]
[BlackElo "2269"]

1.d4 g6 2.e4 Bg7 3.Nc3 d6 4.Be3 a6 5.Qd2 Nd7 6.h4 h5 7.a4 b6 8.Bc4 Ngf6 9.f3 e6
10.Nge2 Qe7 11.Bg5 Bb7 12.Bb3 c5 13.d5 e5 14.O-O O-O 15.Bc4 Qe8 16.Ng3 Nh7
17.Bh6 Bxh6 18.Qxh6 Qe7 19.Nxh5 gxh5 20.Qxh5 Kh8 21.g4 Nf6 22.Qh6 Ng8 23.Qh5 Qf6
24.Kf2 Qg6 25.Qxg6 fxg6 26.Ke3  0-1

[Event "ch-Euro Youth g16"]
[Site "Albena BUL"]
[Date "2011.09.13"]
[Round "3.4"]
[White "Shamatava,A"]
[Black "Tantsiura,M"]
[Result "0-1"]
[WhiteElo "1977"]
[BlackElo "2138"]

1.e4 g6 2.d4 Bg7 3.Nc3 d6 4.f4 a6 5.a4 b6 6.Nf3 Bb7 7.Bd3 Nd7 8.O-O c5 9.d5 Ngf6
10.Qe1 Qc7 11.Rb1 c4 12.Be2 b5 13.axb5 axb5 14.b4 Qb6+ 15.Kh1 O-O 16.Bd1 Ng4
17.Bb2 Ne3 18.Rf2 Nxd1 19.Rxd1 Nf6 20.Re2 Nh5 21.Qd2 Bh6 22.g3 Bg7 23.g4 Nf6
24.h3 e6 25.Kh2 Rfe8 26.g5 Nh5 27.Bc1 Rad8 28.Qe1 Qa6 29.Nd4 exd5 30.Nxd5 Bxd5
31.exd5 Rxe2+ 32.Qxe2 Bxd4 33.Rxd4 Qa1 34.Rd1 Qc3 35.Rg1 Ng7 36.Rg2 Re8 37.Qg4 Qxb4
38.Re2 Rxe2+ 39.Qxe2 Qc3 40.Be3 b4 41.Bb6 b3 42.cxb3 cxb3 43.Bd8 Qc2  0-1

[Event "ch-Nordic Senior"]
[Site "Reykjavik ISL"]
[Date "2011.09.13"]
[Round "4.14"]
[White "Finnlaugsson,G"]
[Black "Wicklund Hansen,R"]
[Result "1-0"]
[WhiteElo "2072"]
[BlackElo "1881"]

1.e4 g6 2.d4 Bg7 3.Nc3 d6 4.Nf3 a6 5.a4 Nf6 6.h3 e6 7.Bg5 Qd7 8.Bd3 b6 9.O-O O-O
10.Qe2 Bb7 11.Rad1 Nc6 12.e5 Ne8 13.Rfe1 Nb4 14.Bc4 d5 15.Bb3 c5 16.dxc5 bxc5
17.Nb1 Qc7 18.c3 Nc6 19.Nbd2 c4 20.Bc2 Bh8 21.Bh6 Bg7 22.Bf4 Qb6 23.Rb1 a5
24.b3 cxb3 25.Nxb3 Ba6 26.Bd3 Bxd3 27.Qxd3 Qa7 28.Nbd4 Nxd4 29.Nxd4 Qd7 30.Qb5 Qxb5
31.Rxb5 Nc7 32.Rb7 Na6 33.Rb5 Rfc8 34.Rxa5 Nc5 35.Rxa8 Rxa8 36.Rb1 Nxa4 37.Ra1 Nb6
38.Rxa8+ Nxa8 39.Bg3 Nb6 40.f4 Bh6 41.h4 Na4 42.Ne2 Kf8 43.Kf2 Nc5 44.Ke3 Ne4
45.Be1 Ke8 46.c4 Bf8 47.cxd5 Bc5+ 48.Kxe4  1-0

[Event "2nd Zlatni Rat Open"]
[Site "Bol CRO"]
[Date "2011.09.15"]
[Round "7.10"]
[White "Scharrer,P"]
[Black "Andreasen,P"]
[Result "1-0"]
[WhiteElo "2269"]
[BlackElo "2245"]

1.e4 g6 2.d4 Bg7 3.Nc3 d6 4.Be3 a6 5.Qd2 Nd7 6.h4 h5 7.Nh3 b5 8.Ng5 Bb7 9.O-O-O Rc8
10.f4 Nh6 11.e5 Nb6 12.Bd3 e6 13.Rhe1 d5 14.Kb1 Qd7 15.Ne2 Bf8 16.Ng3 Nc4
17.Qe2 Nxe3 18.Qxe3 c5 19.f5 gxf5 20.Nxh5 Ng4 21.Nf6+ Nxf6 22.exf6 Kd8 23.Nf3 Rc7
24.Ne5 Qd6 25.Bxf5 Rxh4 26.Qg3 Rh6 27.dxc5 Qxc5 28.Nxf7+ Rxf7 29.Bxe6 Rc7
30.Qg5 Qxc2+ 31.Ka1 Rc5 32.Bxd5 Kc7 33.Qf4+ Kb6 34.Bxb7 Kxb7 35.Rd7+ Kb6
36.Qb8+ Ka5 37.Qd8+ Ka4 38.b3+ Kb4 39.Rd4+ Rc4 40.Rxc4+ bxc4 41.Qb6+ Kc3
42.Re3+ Kd2 43.Qd4+ Qd3 44.Rxd3+ cxd3 45.Kb2 Rh1 46.Qf2+ Kd1 47.Kc3  1-0

[Event "10th Istanbul Open A"]
[Site "Istanbul TUR"]
[Date "2011.09.17"]
[Round "7"]
[White "Baglan,E"]
[Black "Kerigan,D"]
[Result "1-0"]
[WhiteElo "1873"]
[BlackElo "2226"]

1.e4 g6 2.d4 Bg7 3.Nc3 d6 4.f4 Nf6 5.Nf3 O-O 6.Bd3 Na6 7.O-O c5 8.d5 Bg4
9.h3 Bxf3 10.Qxf3 Nb4 11.a3 Nxd3 12.Qxd3 a6 13.a4 Qc7 14.Be3 e6 15.dxe6 fxe6
16.Rad1 Rad8 17.Qc4 Rfe8 18.Rd3 Nd7 19.a5 b5 20.axb6 Nxb6 21.Qa2 c4 22.Rd2 d5
23.Rfd1 d4 24.Bxd4 Qxf4 25.Ne2 Bxd4+ 26.Nxd4 Qxe4 27.Qxa6 Rd6 28.Qa3 Red8
29.Qf3 Qe5 30.c3 Qc5 31.Kh1 Qd5 32.Qg3 Qe4 33.Re1 Qb7 34.Rde2 Qd7 35.Nxe6 Ra8
36.Nd4 Nd5 37.Nf5 Rf6 38.Nh6+ Kg7 39.Ng4 Rf5 40.Qh4 Qd6 41.Qh6+ Kg8 42.Qd2 Rff8
43.Qd4 h5 44.Re7  1-0

[Event "TCh-NED Meesterklasse 2011-12"]
[Site "Netherlands NED"]
[Date "2011.09.17"]
[Round "1.3"]
[White "Lemmers,O"]
[Black "Cuijpers,F"]
[Result "1/2-1/2"]
[WhiteElo "2382"]
[BlackElo "2435"]

1.e4 g6 2.d4 Bg7 3.Nc3 d6 4.Nf3 Nf6 5.Be3 O-O 6.Qd2 a6 7.Bd3 b5 8.Bh6 Bg4
9.h3 Bxf3 10.gxf3 e5 11.dxe5 dxe5 12.Bxg7 Kxg7 13.f4 Nbd7 14.fxe5 Nxe5 15.O-O-O Qe7
16.f4 Nxd3+ 17.cxd3 Rad8 18.e5 Nd5 19.d4 Qe6 20.h4 Qf5 21.Ne2 a5 22.Qd3 Nxf4
23.Qxf5 Nxe2+ 24.Kd2 gxf5 25.Kxe2 f6 26.Rhg1+ Kf7 27.Rc1 Rxd4 28.Rxc7+ Ke6
29.exf6 Kxf6 30.Rxh7 Re8+ 31.Kf3 Rd3+ 32.Kf2 Rd2+ 33.Kf3 Rd3+ 34.Kf2 Rc8
35.Re1 Rc2+ 36.Kf1 Rf3+ 37.Kg1 Rg3+ 38.Kf1 Rf3+ 39.Kg1 Rg3+ 40.Kf1 Rxb2 41.Ree7 Rf3+
42.Kg1 Rxa2 43.Rhf7+ Kg6 44.Rg7+ Kf6 45.Rgf7+ Kg6 46.Rg7+ Kf6  1/2-1/2

[Event "TCh-NED Meesterklasse 2011-12"]
[Site "Netherlands NED"]
[Date "2011.09.17"]
[Round "1.9"]
[White "Span,P"]
[Black "Roobol,M"]
[Result "1/2-1/2"]
[WhiteElo "2305"]
[BlackElo "2325"]

1.d4 g6 2.e4 Bg7 3.Nc3 d6 4.Be3 a6 5.Nf3 Nd7 6.a4 e6 7.Qd2 h6 8.Be2 b6 9.O-O Bb7
10.h3 Ne7 11.Rfe1 Kf8 12.d5 e5 13.Bd3 Kg8 14.Ne2 f5 15.exf5 gxf5 16.Nh4 Qf8
17.Ng3 e4 18.Be2 Qf6 19.Nhxf5 Nxf5 20.Nxf5 Qxf5 21.Bg4 Qxd5 22.Bxd7 Qxd2
23.Bxd2 Bxb2 24.Rab1 Be5 25.a5 Bd4 26.c3 Bc5 27.Be3 b5 28.Bxc5 dxc5 29.Rbd1 Kf7
30.Bf5 Rad8 31.Rxd8 Rxd8 32.Bxe4 Bxe4 33.Rxe4 Rd1+ 34.Kh2 Rd3 35.Rh4 Kg7
36.Rg4+ Kf6 37.Rh4 Kg7 38.Rg4+ Kh7 39.Re4 Rxc3 40.Re7+ Kg8 41.Rxc7 c4 42.Rc6 b4
43.Rxa6 Ra3 44.Rc6 c3 45.Rc4 Rxa5 46.Rxb4 Rc5 47.Rb1 Kf7 48.g4 Ke6 49.Kg3 Kd5
50.f4 Ke4 51.f5 Ke3 52.Kh4 c2 53.Rc1 Kd2 54.Rxc2+ Rxc2 55.g5 hxg5+ 56.Kxg5 Ke3
57.f6 Rg2+ 58.Kh6 Rh2 59.f7 Rxh3+ 60.Kg7 Rf3 61.f8=Q Rxf8 62.Kxf8  1/2-1/2

[Event "11th Josipa Ipavca Mem"]
[Site "Sentjur SLO"]
[Date "2011.09.17"]
[Round "5"]
[White "Pirs,M2"]
[Black "Gorsek,G"]
[Result "1-0"]
[WhiteElo "2044"]
[BlackElo "2129"]

1.e4 g6 2.d4 Bg7 3.Nc3 d6 4.g3 Nf6 5.h3 O-O 6.Bg2 c6 7.a4 e5 8.Nge2 exd4
9.Nxd4 Re8 10.O-O Nbd7 11.Kh2 Nc5 12.Re1 Ne6 13.Be3 Qc7 14.Qd2 Nxd4 15.Bxd4 h5
16.Rad1 Re6 17.f4 h4 18.g4 Ne8 19.Bxg7 Kxg7 20.b3 f6 21.Ne2 Re7 22.Nd4 Kh8
23.Qf2 Bd7 24.Qxh4+ Rh7 25.Qg3 Ng7 26.Rd2 f5 27.exf5 gxf5 28.g5 Nh5 29.Qf2 d5
30.Re5 Rg8 31.Rde2 Rf8 32.Qe3 Qd6 33.Bf3 Ng7 34.Re7 Rh4 35.Kg3 Rh7 36.c3 Kg8
37.b4 b6 38.a5 bxa5 39.bxa5 c5 40.Nb3 Bb5 41.Re1 c4 42.Nd4 Be8 43.Qe5 Qg6
44.Bxd5+ Kh8 45.Bf3 Kg8 46.Re2 Bf7 47.Re1 Nh5+ 48.Kf2 Ng7 49.Kg2 Rh4 50.Rh1 Rh7
51.Rxa7 Re8 52.Re7 Rxe7 53.Qxe7 Qa6 54.Qd8+ Ne8 55.Bd5  1-0

[Event "TCh-FIN SM-Liiga 2011-12"]
[Site "Joensuu FIN"]
[Date "2011.09.18"]
[Round "2.4"]
[White "Saastamoinen,A"]
[Black "Niemi,M"]
[Result "0-1"]
[WhiteElo "2164"]
[BlackElo "2253"]

1.e4 g6 2.d4 Bg7 3.Nc3 d6 4.Nf3 a6 5.a4 b6 6.Be3 e6 7.Bd3 Ne7 8.Qd2 h6 9.g4 Nd7
10.Rg1 Bb7 11.O-O-O b5 12.axb5 axb5 13.Qe2 b4 14.Nb1 Ra1 15.Nd2 Qa8 16.Nb3 Ra2
17.f3 Nb6 18.c3 O-O 19.Rd2 Qa4 20.Qd1 Ba6 21.cxb4 Bxd3 22.Rxd3 Nc4 23.Rg2 Qxb4
24.Rc2 c5 25.Bd2 Qb5 26.Rdc3 d5 27.exd5 exd5 28.Bf4 Nc6 29.N1d2 Nxd4 30.Rxc4 Nxb3+
31.Nxb3 dxc4  0-1

[Event "e2e4 Sunningdale Autumn"]
[Site "Sunningdale ENG"]
[Date "2011.09.18"]
[Round "4"]
[White "Venkataramanan,T"]
[Black "Pleasants,A"]
[Result "1-0"]
[WhiteElo "2274"]
[BlackElo "2079"]

1.e4 g6 2.d4 Bg7 3.Nc3 d6 4.f4 a6 5.Be3 e6 6.Nf3 Ne7 7.Qd2 Nd7 8.O-O-O b5
9.a3 Bb7 10.h4 Nf6 11.Bd3 d5 12.e5 Ng4 13.h5 Nf5 14.Bg1 Qd7 15.Rh3 Bf8 16.Ne1 Rg8
17.hxg6 fxg6 18.Qe2 h5 19.Bxf5 exf5 20.Nd3 Kf7 21.Nc5 Bxc5 22.dxc5 c6 23.Qd2 Qc7
24.Ne2 Bc8 25.Nd4 Be6 26.Nf3 Rge8 27.Bd4 a5 28.Rdh1 Rh8 29.Bf2 Nxf2 30.Qxf2 Qe7
31.Nd4 Rac8 32.b4 Rc7 33.Kb2 Ra8 34.g4 fxg4 35.Rxh5 gxh5 36.f5 Rh8 37.fxe6+ Ke8
38.Qf5 Qh7 39.Qg5 Qh6 40.Qh4 Qf4 41.Rd1 axb4 42.axb4 Qxe5 43.c3 Ra7 44.Re1 Qf4
45.Re2 Qf1 46.Re1 Qc4 47.Nb3 Qf4 48.Re2 Rg7 49.Nd4 Qg5 50.Qg3 Qd8 51.Nxc6 Qc7
52.Qd6 g3 53.Qxd5 Rg5 54.Qxg5 Qxc6 55.Qg6+  1-0

[Event "e2e4 Sunningdale Autumn"]
[Site "Sunningdale ENG"]
[Date "2011.09.18"]
[Round "5"]
[White "Compton,A"]
[Black "Pleasants,A"]
[Result "1/2-1/2"]
[WhiteElo "2037"]
[BlackElo "2079"]

1.e4 g6 2.d4 Bg7 3.Nc3 d6 4.Be3 a6 5.Nf3 Bg4 6.Bc4 e6 7.h3 Bxf3 8.Qxf3 Nc6
9.Rd1 Nge7 10.O-O Qd7 11.a3 h6 12.Rfe1 g5 13.b4 Ng6 14.Ne2 Nce7 15.Ng3 Nh4
16.Qe2 Rg8 17.Nh5 d5 18.Bd3 Bh8 19.e5 Nhf5 20.c4 dxc4 21.Bxf5 Nxf5 22.Qxc4 Ne7
23.Ng3 Nd5 24.Ne4 b6 25.g4 Bg7 26.Rc1 Qb5 27.Qb3 Kd7 28.Bd2 Ke7 29.a4 Qd7
30.b5 a5 31.Rc4 Kd8 32.Rec1 Ra7 33.Qf3 Rf8 34.R1c2  1/2-1/2

[Event "11th Josipa Ipavca Mem"]
[Site "Sentjur SLO"]
[Date "2011.09.19"]
[Round "7.6"]
[White "Vukmirovic,D"]
[Black "Gorsek,G"]
[Result "1-0"]
[WhiteElo "2085"]
[BlackElo "2129"]

1.e4 g6 2.d4 Bg7 3.Nc3 d6 4.Be3 Nf6 5.f3 c6 6.Qd2 b5 7.Bh6 Bxh6 8.Qxh6 b4
9.Nce2 Qa5 10.Qd2 Qb6 11.g4 h5 12.g5 Nfd7 13.O-O-O a5 14.Kb1 a4 15.Nc1 c5
16.dxc5 dxc5 17.Bc4 Ne5 18.Bb5+ Nbc6 19.Bxc6+ Nxc6 20.Nge2 O-O 21.Nf4 e6
22.Rhg1 Ne5 23.Qf2 Ba6 24.Qg3 h4 25.Qxh4 Nxf3 26.Qh6 Ra7 27.Rg3 b3 28.Rh3 bxc2+
29.Ka1 f6 30.Qh8+ Kf7 31.Qxf6+ Ke8 32.Qxg6+ Raf7 33.Rd5 a3 34.b3 Ke7 35.Rxf3 Rxf4
36.Rc3 c4 37.Rd2 Rf1 38.Rcxc2 Qc5 39.Qg7+ R8f7 40.Qc3 R7f3 41.Qh8 Rf8 42.Qd4 Qxd4+
43.Rxd4 R8f2 44.Kb1 cxb3 45.Rc7+ Ke8 46.axb3 Rb2+ 47.Ka1 Rxb3 48.Ka2 Rb2+
49.Kxa3 Rxh2 50.g6 Rg1 51.Ra4 Kd8 52.Rh7 Rc2 53.Rxa6  1-0